Πραγματεία για την ανθρώπινη φύση : απόπειρα εισαγωγής της πειραματικής μεθόδου συλλογισμού στα ηθικά θέματα

Αποθηκεύτηκε σε:
Λεπτομέρειες βιβλιογραφικής εγγραφής
Κύριος συγγραφέας: Hume, David, 1711-1776
Άλλοι συγγραφείς: Πουρνάρη, Μαρία (trlf)
Μορφή: Βιβλίο
Γλώσσα:Greek
English
Δημοσίευση: Αθήνα: Πατάκης, 2005.
Θέματα:
Ετικέτες: Προσθήκη ετικέτας
Δεν υπάρχουν, Καταχωρήστε ετικέτα πρώτοι!

MARC

LEADER 00000cam a2200000 i 4500
001 1/78023
008 050606s2005 gr | ||| |||| ||gre||
020 |a 9601614648  
035 |l 10078396  
040 |a GR-MyUa   |b gre   |e AACR2  
041 1 |a gre  |h eng 
082 7 |a 128   |2 (22)  
100 1 |a Hume, David,   |d 1711-1776. 
245 1 0 |a Πραγματεία για την ανθρώπινη φύση :   |b απόπειρα εισαγωγής της πειραματικής μεθόδου συλλογισμού στα ηθικά θέματα /   |c Ντέϊβιντ Χιούμ ; εισαγωγή - μετάφραση: Μαρία Πουρνάρη. 
260 |a Αθήνα:   |b Πατάκης,   |c 2005.  
300 |a 516 σ. ;   |c 21 εκ.  
500 |a Τίτλος πρωτοτύπου: A treatise of human nature. 
504 |a Περιλαμβάνει βιβλιογραφία (σ. [507]-516) και ευρετήριο. 
505 8 |a Τ. 1. Για τη νόηση.  
650 0 |a Philosophy, Scottish  |y 18th century. 
650 0 |a Knowledge, Theory of. 
650 0 |a Philosophical anthropology. 
700 1 |a Πουρνάρη, Μαρία,  |e trlf 
852 |a INST  |b RHODES  |c KRI  |e 20050606  |h  128 HUM  |p 005400023338  |q 005400023338  |t BK  |y 0 
901 |a BIBL4-2005-2 
970 |a Κόζα   |b Μαρία   |z 2005/06/06